[Event "Lords of the Spring :-)"]
[Site "SchemingMind.com"]
[Date "2010.04.02"]
[Round "-"]
[White "MarketTheHay"]
[Black "1tamad"]
[Result "1-0"]
[WhiteCountry "ENG"]
[BlackCountry "USA"]
[WhiteElo "1757"]
[WhiteRD "89"]
[BlackElo "1682"]
[BlackRD "68"]
[GameID "244086"]

1. e4 d6 2. d4 Nf6 3. Nc3 g6 4. Bg5 Bg7 5. f4 c5 6. dxc5 Qa5 7. Bxf6 Bxf6 8. Bb5+ Nc6 9. Ne2 dxc5 10. Bxc6+ bxc6
11. e5 Bg7 12. O-O O-O 13. Qd3 Bf5 14. Ne4 Rfd8 15. Qc3 Qb4 16. Nxc5 Qxc3 17. Nxc3 Bxc2 18. Rac1 Bd3 19. Rfd1 Bf5 20. N3e4 Rxd1+
21. Rxd1 f6 22. e6 g5 23. Rd7 Kf8 24. Ng3 Bb1 25. f5 Bxa2 26. Nh5 Bh8 27. g4 a5 28. b3 a4 29. bxa4 Bc4 30. a5 Ke8
31. Nb7 Bb5 32. Nd6+ exd6 33. Rxh7 Rxa5 34. Rxh8+ Ke7 35. Rh7+ Kf8 36. e7+
1-0

[Event "Lords of the Spring :-)"]
[Site "SchemingMind.com"]
[Date "2010.04.05"]
[Round "-"]
[White "MarketTheHay"]
[Black "Clive Everill"]
[Result "1-0"]
[WhiteCountry "ENG"]
[BlackCountry "CZE"]
[WhiteElo "1757"]
[WhiteRD "89"]
[BlackElo "1664"]
[BlackRD "50"]
[GameID "244087"]

1. e4 Nc6 2. Nf3 e5 3. Bb5 b6 4. O-O Bb7 5. Nc3 d6 6. d4 exd4 7. Nxd4 Ne7 8. Nd5 a6 9. Nxe7 axb5 10. Nexc6 Qd7
11. Nb4 c5 12. Re1 cxb4 13. Bd2 Be7 14. Nf5 Bf6 15. Bxb4 Be5 16. Nxd6+ Bxd6 17. Qxd6 Qxd6 18. Bxd6 Kd7 19. Bb4 Rhe8 20. f3 Rac8
21. Rad1+ Kc7 22. Re3 Bc6 23. Rc3 Kb7 24. Rd6 f6 25. h4 h6 26. g4 Re5 27. Kf2 Rc7 28. Ke3 Re8 29. h5 Rec8 30. Kf4 Bd7
31. Rxc7+ Rxc7 32. c3 Bc8 33. Rd8 Rd7 34. Rxd7+ Bxd7 35. Bf8 Be6 36. b3 g5+ 37. hxg6 Kc6 38. Bxh6
1-0

[Event "Lords of the Spring :-)"]
[Site "SchemingMind.com"]
[Date "2010.04.02"]
[Round "-"]
[White "MarketTheHay"]
[Black "Andreas Flato"]
[Result "1-0"]
[WhiteCountry "ENG"]
[BlackCountry "GER"]
[WhiteElo "1794"]
[WhiteRD "104"]
[BlackElo "1635"]
[BlackRD "73"]
[GameID "244088"]

1. e4 e5 2. f4 d5 3. exd5 e4 4. d3 Nf6 5. dxe4 Nxe4 6. Nf3 Bc5 7. Qe2 Bf5 8. Nc3 Qe7 9. Be3 Nxc3 10. Bxc5 Nxe2
11. Bxe7 Kxe7 12. Bxe2 Re8 13. O-O-O Kf8 14. Rhe1 Nd7 15. h3 h6 16. Bb5 a6 17. Ba4 b5 18. Bb3 Nc5 19. Re5 Nxb3+ 20. axb3 Rxe5
21. fxe5 Rd8 22. c4 f6 23. Nd4 Bd7 24. e6 Be8 25. Nf5 Rb8 26. c5 Bg6 27. g4 Bxf5 28. gxf5 Rd8 29. d6
1-0

[Event "Lords of the Spring :-)"]
[Site "SchemingMind.com"]
[Date "2010.04.02"]
[Round "-"]
[White "MarketTheHay"]
[Black "Phillip Beckett"]
[Result "1-0"]
[WhiteCountry "ENG"]
[BlackCountry "ENG"]
[WhiteElo "1794"]
[WhiteRD "104"]
[BlackElo "1693"]
[BlackRD "59"]
[GameID "244089"]

1. e4 e5 2. f4 Qh4+ 3. g3 Qe7 4. fxe5 d6 5. Nf3 dxe5 6. Bg2 c6 7. O-O Nf6 8. d3 Qc5+ 9. Kh1 Bg4 10. Qe2 Nbd7
11. h3 Bxf3 12. Bxf3 Be7 13. Nc3 O-O 14. a3 Qd4 15. Be3 Qd6 16. Rad1 Qe6 17. Bg2 Bc5 18. Kh2 Bxe3 19. Qxe3 h6 20. Rf5 g6
21. Rf2 Kh7 22. Rdf1 Ng8 23. b3 Ndf6 24. a4 Nh5 25. a5 Ng7 26. Na4 f5 27. exf5 Nxf5 28. Qe1 Nd4 29. Rxf8
1-0

[Event "Lords of the Spring :-)"]
[Site "SchemingMind.com"]
[Date "2010.04.03"]
[Round "-"]
[White "MarketTheHay"]
[Black "PeterLiberty"]
[Result "1-0"]
[WhiteCountry "ENG"]
[BlackCountry "USA"]
[WhiteElo "1859"]
[WhiteRD "80"]
[BlackElo "1471"]
[BlackRD "57"]
[GameID "244090"]

1. e4 c5 2. Nf3 d6 3. d4 cxd4 4. Nxd4 Nf6 5. Nc3 g6 6. Nd5 Bg7 7. Nxf6+ Bxf6 8. Bh6 Qb6 9. Be3 Qa5+ 10. Qd2 Qxd2+
11. Kxd2 Bd7 12. Bc4 O-O 13. h4 a6 14. a4 Nc6 15. c3 Nxd4 16. Bxd4 Bxd4 17. cxd4 Rac8 18. Kd3 e6 19. h5 d5 20. exd5 exd5
21. Bxd5 Bf5+ 22. Be4 Bxe4+ 23. Kxe4 Rfe8+ 24. Kd3 Re7 25. hxg6 fxg6 26. Rhe1 Rce8 27. Re3 Rxe3+ 28. fxe3 Kg7 29. Rc1 Re7 30. Rc2 h5
31. Rf2 b6 32. d5 Rd7 33. e4 Rd6 34. Kd4 Rf6 35. Rxf6 Kxf6 36. e5+ Ke7 37. Ke4 h4 38. Kf4 b5 39. axb5 axb5 40. b4 Kf7
41. Kg5
1-0

[Event "Lords of the Spring :-)"]
[Site "SchemingMind.com"]
[Date "2010.04.02"]
[Round "-"]
[White "MarketTheHay"]
[Black "Baeron"]
[Result "0-1"]
[WhiteCountry "ENG"]
[BlackCountry "SUI"]
[WhiteElo "1757"]
[WhiteRD "89"]
[BlackElo "2095"]
[BlackRD "81"]
[GameID "244091"]

1. e4 e6 2. Nf3 d5 3. e5 c5 4. b4 d4 5. bxc5 Bxc5 6. Ba3 Qa5 7. Bxc5 Qxc5 8. Bd3 Nc6 9. c3 Nxe5 10. Nxe5 Qxe5+
11. Qe2 Qxe2+ 12. Kxe2 dxc3 13. Bb5+ Bd7 14. Nxc3 O-O-O 15. Rhc1 Kb8 16. a4 Ne7 17. Rab1 Nf5 18. Ba6 Bc6 19. Na2 Nd4+ 20. Kf1 Ka8
21. Rxc6 bxc6 22. Bb7+ Kb8 23. Ba6+ Kc7 24. Rb7+ Kd6 25. f4 Rd7 26. Rb4 Ke7 27. Rc4 Rb8 28. Nb4 Kf6 29. g4 Nf3 30. g5+ Kg6
31. Ke2 Nxd2 32. Nxc6 Nxc4 33. Bxc4 Rb2+ 34. Kf3 f6
0-1

[Event "Lords of the Spring :-)"]
[Site "SchemingMind.com"]
[Date "2010.04.03"]
[Round "-"]
[White "jtrochez1"]
[Black "MarketTheHay"]
[Result "0-1"]
[WhiteCountry "HON"]
[BlackCountry "ENG"]
[WhiteElo "1603"]
[WhiteRD "47"]
[BlackElo "1859"]
[BlackRD "80"]
[GameID "244092"]

1. e4 c5 2. Nf3 Nc6 3. d4 cxd4 4. Nxd4 Nf6 5. Nxc6 bxc6 6. Nc3 e5 7. h3 Bb4 8. Bd3 O-O 9. O-O Bxc3 10. bxc3 d5
11. Bg5 h6 12. Bh4 Qd6 13. Bxf6 Qxf6 14. c4 d4 15. Qf3 Qxf3 16. gxf3 Bxh3 17. Rfe1 c5 18. Kh2 Be6 19. Rg1 f5 20. Rg2 f4
21. Rb1 Rab8 22. Rb3 g5 23. Rg1 Rxb3 24. cxb3 Rb8 25. Rb1= Kf7 26. Bc2 Ke7 27. Bd3= a5 28. a4 Kf6 29. Be2 Rg8 30. Rd1 h5
31. Bf1 g4 32. fxg4 hxg4 33. Rd3 Kg5 34. f3 gxf3 35. Rxf3 Bg4 36. Rd3 Rf8 37. Rd2 Bf3 38. Bd3 Rh8+ 39. Kg1 Rh1+ 40. Kf2 Kg4
41. Be2 Rh2+ 42. Ke1 Rxe2+ 43. Rxe2 Bxe2 44. Kxe2 Kg3 45. b4 f3+ 46. Kf1 d3
0-1

[Event "Lords of the Spring :-)"]
[Site "SchemingMind.com"]
[Date "2010.04.02"]
[Round "-"]
[White "Mitchell-in"]
[Black "MarketTheHay"]
[Result "1-0"]
[WhiteCountry "ENG"]
[BlackCountry "ENG"]
[WhiteElo "1840"]
[WhiteRD "63"]
[BlackElo "1794"]
[BlackRD "104"]
[GameID "244093"]

1. e4 c5 2. Nf3 Nc6 3. Bb5 e6 4. Bxc6 bxc6 5. O-O d5 6. d3 Ba6 7. Nbd2 Rb8 8. c4 d4 9. e5 Ne7 10. Qa4 Qc8
11. Ne4 Ng6 12. h4 f6 13. exf6
1-0

[Event "Lords of the Spring :-)"]
[Site "SchemingMind.com"]
[Date "2010.04.02"]
[Round "-"]
[White "1tamad"]
[Black "MarketTheHay"]
[Result "1-0"]
[WhiteCountry "USA"]
[BlackCountry "ENG"]
[WhiteElo "1682"]
[WhiteRD "68"]
[BlackElo "1757"]
[BlackRD "89"]
[GameID "244094"]

1. d4 d5 2. e3 Nf6 3. Bd3 c5 4. c3 Nc6 5. f4 Bg4 6. Nf3 Bxf3 7. Qxf3 e6 8. O-O h5 9. Nd2 Rc8 10. Kh1 Ng4
11. h3 b6 12. Qg3 Nh6 13. Nf3 Ne7 14. Nh4 c4 15. Bc2 Nef5 16. Nxf5 Nxf5 17. Qf3 h4 18. Kh2 Bd6 19. e4 dxe4 20. Bxe4 Kf8
21. Bd2 Qf6 22. Rf2 Rh6 23. Bb7 Rc7 24. b4 Rg6 25. Be4 Rg3 26. Qh5 Nh6 27. Raf1 a5 28. a3 axb4 29. axb4 g5 30. fxg5 Rxg5+
31. Kh1 Rxh5 32. Rxf6 Nf5 33. Bxf5
1-0

[Event "Lords of the Spring :-)"]
[Site "SchemingMind.com"]
[Date "2010.04.07"]
[Round "-"]
[White "Clive Everill"]
[Black "MarketTheHay"]
[Result "0-1"]
[WhiteCountry "CZE"]
[BlackCountry "ENG"]
[WhiteElo "1694"]
[WhiteRD "50"]
[BlackElo "1859"]
[BlackRD "80"]
[GameID "244095"]

1. e4 c5 2. Nf3 Nc6 3. Bb5 e6 4. c3 Nge7 5. O-O a6 6. Ba4 b5 7. Bc2 Bb7 8. Re1 d6 9. d4 e5 10. d5 Nb8
11. a4 Nd7 12. axb5 axb5 13. Rxa8 Qxa8 14. Na3 Ba6 15. Nh4 f6 16. f4 Ng6 17. Nxg6 hxg6 18. f5 gxf5 19. exf5 Be7 20. Be4 Bd8
21. b4 c4 22. Nc2 Bb6+ 23. Kh1 Ke7 24. Ne3 Rh4 25. Nf1 Qh8 26. g3 Rh7 27. Be3 Bc8 28. Qd2 Bc7 29. Ra1 Bb7 30. Ra7 Qb8
31. Qf2 Rh8 32. Nd2 Rc8 33. Nb1 Kd8 34. Na3 Ba8 35. Nc2 Nb6 36. Rxc7 Kxc7 37. Bxb6+ Qxb6 38. Qe2 Rh8 39. Ne3 Qa7 40. Kg2 Bb7
41. Nf1 Bc8 42. Qg4 Kd8 43. h4 Qf7 44. Qd1 Bd7 45. Ne3 Ke7 46. Qa1 Qe8 47. Qd1 Qa8 48. Qg4 Kf8 49. Qe2 Qa1 50. Qd2 Kf7
51. Bf3 Ra8 52. Bh5+ Kg8 53. Bd1 Ra2 54. Nc2 Bxf5 55. g4 Bxc2 56. Bxc2 Qb2
0-1

[Event "Lords of the Spring :-)"]
[Site "SchemingMind.com"]
[Date "2010.04.02"]
[Round "-"]
[White "Andreas Flato"]
[Black "MarketTheHay"]
[Result "0-1"]
[WhiteCountry "GER"]
[BlackCountry "ENG"]
[WhiteElo "1635"]
[WhiteRD "73"]
[BlackElo "1794"]
[BlackRD "104"]
[GameID "244096"]

1. e4 c5 2. a3 g6 3. c3 d5 4. exd5 Qxd5 5. d4 Bg7 6. Nf3 Nc6 7. Be2 Nf6 8. c4 Qf5 9. d5 Ne5 10. O-O O-O
11. Nc3 Rd8 12. Nh4 Qd7 13. h3 Qc7 14. Bf4 Nf3+ 15. Bxf3 Qxf4
0-1

[Event "Lords of the Spring :-)"]
[Site "SchemingMind.com"]
[Date "2010.04.02"]
[Round "-"]
[White "Phillip Beckett"]
[Black "MarketTheHay"]
[Result "0-1"]
[WhiteCountry "ENG"]
[BlackCountry "ENG"]
[WhiteElo "1633"]
[WhiteRD "58"]
[BlackElo "1757"]
[BlackRD "89"]
[GameID "244097"]

1. e4 c5 2. Nf3 Nc6 3. d4 cxd4 4. Nxd4 Nf6 5. Nc3 e5 6. Ndb5 d6 7. Bg5 a6 8. Na3 b5 9. Nd5 Be7 10. Bxf6 gxf6
11. c3 f5 12. Bd3 f4 13. Nc2 h5 14. Ncb4 Nxb4 15. Nxb4 Bb7 16. Nd5 f5 17. Nxe7 Qxe7 18. exf5 Bxg2 19. Rg1 f3 20. a4 Qh4
21. axb5 Qxh2 22. Kd2 Qf4+ 23. Kc2 a5 24. f6 Kf7 25. Bc4+ Kxf6 26. Qd5 Qf5+ 27. Bd3 Qe6 28. Qe4 d5 29. Qg6+ Ke7 30. Qg7+ Kd6
31. Qb7 Rhc8 32. Qb6+ Ke7 33. Rxa5 Qxb6
0-1

[Event "Lords of the Spring :-)"]
[Site "SchemingMind.com"]
[Date "2010.04.04"]
[Round "-"]
[White "PeterLiberty"]
[Black "MarketTheHay"]
[Result "1-0"]
[WhiteCountry "USA"]
[BlackCountry "ENG"]
[WhiteElo "1572"]
[WhiteRD "64"]
[BlackElo "1757"]
[BlackRD "89"]
[GameID "244098"]

1. e4 c5 2. Nf3 Nc6 3. d4 cxd4 4. Nxd4 Nf6 5. Nc3 e5 6. Ndb5 d6 7. Bg5 a6 8. Na3 b5 9. Nd5 Be7 10. Bxf6 Bxf6
11. c4 b4 12. Nc2 a5 13. g3 O-O 14. Bg2 Bg5 15. O-O Ne7 16. Nxe7+ Bxe7 17. Qd5
1-0

[Event "Lords of the Spring :-)"]
[Site "SchemingMind.com"]
[Date "2010.04.02"]
[Round "-"]
[White "Baeron"]
[Black "MarketTheHay"]
[Result "1-0"]
[WhiteCountry "SUI"]
[BlackCountry "ENG"]
[WhiteElo "2095"]
[WhiteRD "81"]
[BlackElo "1757"]
[BlackRD "89"]
[GameID "244099"]

1. c4 c6 2. e4 d5 3. cxd5 cxd5 4. exd5 Qxd5 5. Nc3 Qa5 6. d4 Nf6 7. Nf3 Bg4 8. Be2 e6 9. h3 Bh5 10. O-O Nc6
11. Be3 Bd6 12. a3 O-O 13. Qb3 Ne7 14. Bd2 Qb6 15. Qxb6 axb6 16. Rac1 Rac8 17. g4 Bg6 18. Ne5 Rfd8 19. Bg5 h6 20. Bxf6 gxf6
21. Nc4 Bf4 22. Rcd1 Rc6 23. Ne3 Bxe3 24. fxe3 Nd5 25. Nxd5 exd5 26. Rc1 Rdd6 27. Bb5
1-0

[Event "Lords of the Spring :-)"]
[Site "SchemingMind.com"]
[Date "2010.04.03"]
[Round "-"]
[White "Schaakmaatje"]
[Black "jtrochez1"]
[Result "0-1"]
[WhiteCountry "NED"]
[BlackCountry "HON"]
[WhiteElo "1762"]
[WhiteRD "46"]
[BlackElo "1589"]
[BlackRD "51"]
[GameID "244105"]

1. e4 Nc6 2. d4 d6 3. c4 e5 4. d5 Nb8 5. Nc3 a6 6. Be2 Be7 7. Nf3 Bf6 8. h3 Ne7 9. O-O O-O 10. Nh2 Bd7
11. Be3 c5 12. Bg4 Ng6 13. Bxd7 Nxd7 14. Ng4 Be7 15. Rb1 Nf6 16. Nxf6+ Bxf6 17. Qd2 Re8 18. Ne2 Ne7 19. f4 b5 20. b3 Qc7
21. f5 Kh8 22. Ng3 b4 23. Nh5 Ng8 24. Rf3 Qe7 25. g4 Qf8 26. g5 Bd8 27. Rbf1 f6 28. h4 a5 29. Rg3 a4 30. Rf2 fxg5
31. hxg5 axb3 32. axb3 Ra1+ 33. Rf1 Rxf1+ 34. Kxf1 g6 35. Rh3 gxf5 36. exf5 Qxf5+ 37. Kg2 Qb1 38. Bf2 Qe4+ 39. Kf1 Rf8 40. Ng3 Qg6
0-1

[Event "Lords of the Spring :-)"]
[Site "SchemingMind.com"]
[Date "2010.04.02"]
[Round "-"]
[White "Schaakmaatje"]
[Black "MarketTheHay"]
[Result "0-1"]
[WhiteCountry "NED"]
[BlackCountry "ENG"]
[WhiteElo "1736"]
[WhiteRD "50"]
[BlackElo "1859"]
[BlackRD "80"]
[GameID "244106"]

1. d4 d5 2. Nf3 Nf6 3. Bf4 c5 4. e3 Nc6 5. Be2 Qb6 6. O-O Qxb2 7. Nbd2 cxd4 8. exd4 Nxd4 9. Be5 Nxe2+ 10. Qxe2 Qb6
11. Ng5 Bg4 12. Qd3 e6 13. Rab1 Qc6 14. Rfe1 Be7 15. Rb2 Bf5 16. Qe2 h6 17. Ngf3 Bh7 18. Nb3 b6 19. Nbd4 Qd7 20. c4 O-O
21. Nb5 Rfc8 22. cxd5 Nxd5 23. Rd1 Qe8 24. h3 a6 25. Rxd5 exd5 26. Nc7 Rxc7 27. Bxc7 b5 28. Nd4 Bf6 29. Rd2 Qxe2 30. Nxe2 Rc8
31. Bb6 Rc6 32. Be3 Rd6 33. Bc5 Rd7 34. Nf4 d4 35. Re2 Bg6 36. Rd2 Be5 37. Ne2 d3
0-1

[Event "Lords of the Spring :-)"]
[Site "SchemingMind.com"]
[Date "2010.04.02"]
[Round "-"]
[White "Schaakmaatje"]
[Black "Mitchell-in"]
[Result "1/2-1/2"]
[WhiteCountry "NED"]
[BlackCountry "ENG"]
[WhiteElo "1762"]
[WhiteRD "46"]
[BlackElo "1820"]
[BlackRD "63"]
[GameID "244107"]

1. e4 e5 2. Bc4 Nf6 3. d3 c6 4. h3 d5 5. exd5 cxd5 6. Bb3 Nc6 7. Nf3 Bd6 8. Nc3 Be6 9. O-O O-O 10. Bg5 Bc7
11. Bxf6 gxf6 12. Qd2 Kh8 13. Rae1 Rg8 14. Kh1 Na5 15. Nh4 Nxb3 16. axb3 d4 17. Nb5 Bb6 18. Qh6 Rc8 19. Re2 a6 20. Na3 Qe7
21. Nc4 Bc7 22. Rc1 b5 23. Nd2 Bd8 24. Ndf3 Qf8=
1/2-1/2

[Event "Lords of the Spring :-)"]
[Site "SchemingMind.com"]
[Date "2010.04.02"]
[Round "-"]
[White "Schaakmaatje"]
[Black "1tamad"]
[Result "0-1"]
[WhiteCountry "NED"]
[BlackCountry "USA"]
[WhiteElo "1736"]
[WhiteRD "50"]
[BlackElo "1698"]
[BlackRD "65"]
[GameID "244108"]

1. e4 e6 2. d4 d5 3. Nd2 Nf6 4. Bd3 Be7 5. c3 O-O 6. Ne2 Nbd7 7. e5 Ne8 8. f4 f6 9. O-O c5 10. Nf3 Qb6
11. Kh1 cxd4 12. cxd4 fxe5 13. fxe5 g6 14. Bh6 Ng7 15. Qc2 Rf7 16. Ng5 Bxg5 17. Bxg5 Nf8 18. Rxf7 Kxf7 19. Rf1+ Kg8 20. Nc3 Qxd4
21. Bf6 Bd7 22. Ne2 Qa4 23. Qxa4 Bxa4 24. Nd4 Rc8 25. b3 Bd7 26. g4 Ne8 27. g5 Nxf6 28. gxf6 Kf7 29. Kg2 Rc3 30. Rf3 Bc6
31. Nxc6 bxc6 32. h4 Nd7 33. Bxg6+ hxg6 34. Rxc3 Nxe5 35. Kg3 Kxf6 36. Kf4 a5 37. Re3 Nd7 38. a3 e5+ 39. Kg4 d4 40. Rf3+ Kg7
41. Kg5 c5 42. h5 gxh5 43. Kxh5 e4 44. Rg3+ Kf6 45. Rg6+ Ke5 46. Rg5+ Kf4 47. Rd5 e3 48. Rxd7 e2 49. Re7 d3
0-1

[Event "Lords of the Spring :-)"]
[Site "SchemingMind.com"]
[Date "2010.04.05"]
[Round "-"]
[White "Schaakmaatje"]
[Black "Clive Everill"]
[Result "0-1"]
[WhiteCountry "NED"]
[BlackCountry "CZE"]
[WhiteElo "1762"]
[WhiteRD "46"]
[BlackElo "1664"]
[BlackRD "50"]
[GameID "244109"]

1. d4 Nf6 2. Bf4 c5 3. d5 Qb6 4. Bc1 g6 5. c4 Bg7 6. Nc3 O-O 7. e4 d6 8. Be2 Nbd7 9. f4 e5 10. Nf3 Re8
11. O-O exf4 12. Bxf4 Nxe4 13. Na4 Qd8 14. Rc1 a6 15. Bd3 Nef6 16. Bxd6 b6 17. Nc3 Kh8 18. Bf4 Nh5 19. Bd2 f5 20. Qc2 Ne5
21. Bg5 Bf6 22. Nxe5 Rxe5 23. Bxf6+ Nxf6 24. Rce1 Qe8 25. Qd2 Bb7 26. Rxe5 Qxe5 27. Re1 Qd6 28. Re6 Qd8 29. Qg5 Ng4 30. Qxd8+ Rxd8
31. Rxb6 Bc8 32. Rc6 Ne5 33. Rxc8 Rxc8 34. Bc2 Nxc4
0-1

[Event "Lords of the Spring :-)"]
[Site "SchemingMind.com"]
[Date "2010.04.02"]
[Round "-"]
[White "Schaakmaatje"]
[Black "Andreas Flato"]
[Result "1-0"]
[WhiteCountry "NED"]
[BlackCountry "GER"]
[WhiteElo "1762"]
[WhiteRD "46"]
[BlackElo "1686"]
[BlackRD "71"]
[GameID "244110"]

1. e4 e5 2. Nf3 d6 3. d4 exd4 4. Nxd4 Be7 5. c4 Nf6 6. Nc3 O-O 7. Be2 Bd7 8. O-O Re8 9. Bf3 Bf8 10. Re1 c6
11. Bg5 h6 12. Bh4 Na6 13. a3 Nc5 14. b4 Ne6 15. Nf5 Bc8 16. Qd2 Kh7 17. Rad1 Nc7 18. Nxd6 Bxd6 19. Qxd6 Qxd6 20. Rxd6 Ng8
21. Red1 Be6 22. Be2 Ne7 23. f4 f5 24. e5 Ng6 25. Bg3 Nf8 26. Bf2 g5 27. g3 Re7 28. Rd8 Rxd8 29. Rxd8 Re8 30. Rxe8 Nxe8
31. Bxa7 Ng7 32. Bc5 Ng6 33. Be3 gxf4 34. Bxf4 Nxf4 35. gxf4 Bf7 36. Kf2 Ne6 37. Ke3 Kg7 38. Bd3 Kg6 39. Be2 Kg7= 40. Na4 Kf8
41. Nb6 Nd8 42. Nc8 Be6 43. Nd6 Ke7 44. Bh5
1-0

[Event "Lords of the Spring :-)"]
[Site "SchemingMind.com"]
[Date "2010.04.02"]
[Round "-"]
[White "Schaakmaatje"]
[Black "Phillip Beckett"]
[Result "1-0"]
[WhiteCountry "NED"]
[BlackCountry "ENG"]
[WhiteElo "1762"]
[WhiteRD "46"]
[BlackElo "1633"]
[BlackRD "58"]
[GameID "244111"]

1. d4 d5 2. Bf4 Nf6 3. e3 e6 4. Bd3 c5 5. c3 Nc6 6. Nd2 cxd4 7. exd4 Bd6 8. Bxd6 Qxd6 9. Ngf3 O-O 10. O-O Ne7
11. Ne5 Ng6 12. f4 Qb6 13. Nxg6 hxg6 14. g4 Qxb2 15. Rc1 Qxa2 16. h3 Bd7 17. Rc2 Qa5 18. Nb3 Qc7 19. Qf3 a5 20. Nc5 Bc6
21. f5 gxf5 22. gxf5 b6 23. Nb3 a4 24. Nd2 a3 25. Qg2 Ba4 26. Ra2 Qxc3 27. fxe6 fxe6 28. Qg6 Bb3 29. Nxb3 Qxb3 30. Rg2 a2
31. Qxg7#
1-0

[Event "Lords of the Spring :-)"]
[Site "SchemingMind.com"]
[Date "2010.04.03"]
[Round "-"]
[White "Schaakmaatje"]
[Black "PeterLiberty"]
[Result "1-0"]
[WhiteCountry "NED"]
[BlackCountry "USA"]
[WhiteElo "1762"]
[WhiteRD "46"]
[BlackElo "1572"]
[BlackRD "64"]
[GameID "244112"]

1. e4 c5 2. Nf3 d6 3. d4 cxd4 4. Nxd4 Nf6 5. Nc3 g6 6. Be2 Bg7 7. O-O O-O 8. Be3 Nc6 9. f3 d5 10. Nxc6 bxc6
11. e5 Nd7 12. f4 f6 13. Bf3 fxe5 14. fxe5 Nxe5 15. Bd4 Nxf3+ 16. Rxf3 Bxd4+ 17. Qxd4 Rxf3 18. gxf3 Qf8 19. f4 Qf5 20. Qf2 Qg4+
21. Qg3 Qxg3+ 22. hxg3 Bg4 23. Re1 e6 24. Na4 Rf8 25. Nc5 Rf7 26. Re5 h6 27. Nxe6 Bxe6 28. Rxe6 Kg7 29. Rxc6 h5 30. Rd6 Rf5
31. Kg2 g5 32. Rd7+ Rf7 33. Rxd5 gxf4 34. Rxh5 f3+ 35. Kf2 Kg6 36. Rd5 a6 37. Rd6+ Rf6 38. Rxf6+ Kxf6 39. Kxf3
1-0

[Event "Lords of the Spring :-)"]
[Site "SchemingMind.com"]
[Date "2010.04.03"]
[Round "-"]
[White "jtrochez1"]
[Black "Schaakmaatje"]
[Result "0-1"]
[WhiteCountry "HON"]
[BlackCountry "NED"]
[WhiteElo "1603"]
[WhiteRD "47"]
[BlackElo "1736"]
[BlackRD "50"]
[GameID "244114"]

1. e4 c5 2. Nf3 Nc6 3. d4 cxd4 4. Nxd4 e5 5. Nb3 Be7 6. Bc4 Nf6 7. Qe2 O-O 8. a3 d5 9. exd5 Nxd5 10. O-O Be6
11. Bxd5 Qxd5 12. c4 Qxc4 13. Qxc4 Bxc4 14. Re1 Bxb3 15. Be3 Rad8 16. Nc3 Bf6 17. Ne4 Be7 18. Bc5 Rfe8 19. Bxe7 Rxe7 20. Nc5 Bd5
21. b4 b6 22. Nd3 Bxg2 23. Kxg2 Rxd3 24. Re3 Rxe3 25. fxe3 f5 26. Rc1 Re6 27. h4 Kf7 28. Kg3 Kf6 29. Rd1 a6 30. Rd5 g6
31. Rd7 Ne7 32. Rd8 Kf7 33. a4 Rc6 34. b5 axb5 35. axb5 Rc5 36. Rb8 Rxb5 37. Kf3 h5 38. Ke2 Ke6 39. Kd2 Rb4 40. Kc2 Rxh4
41. Rxb6+ Kd5 42. Rb5+ Kd6 43. Kd3 Rh1 44. Kd2 Nd5 45. Ra5 g5
0-1

[Event "Lords of the Spring :-)"]
[Site "SchemingMind.com"]
[Date "2010.04.02"]
[Round "-"]
[White "MarketTheHay"]
[Black "Schaakmaatje"]
[Result "1-0"]
[WhiteCountry "ENG"]
[BlackCountry "NED"]
[WhiteElo "1859"]
[WhiteRD "80"]
[BlackElo "1736"]
[BlackRD "50"]
[GameID "244115"]

1. e4 c6 2. d4 d5 3. e5 Bf5 4. Nc3 e6 5. g4 Bg6 6. Nge2 h6 7. Nf4 Bh7 8. Bd3 Bxd3 9. Qxd3 Be7 10. Nh5 Kf8
11. Be3 Na6 12. Ne2 c5 13. c3 cxd4 14. Bxd4 Nc5 15. Qf3 Ne4 16. Nef4 Ng5 17. Qg2 g6 18. Ng3 Rc8 19. h4 Ne4 20. Nxe4 dxe4
21. Qxe4 Bxh4 22. O-O-O Bg5 23. Kb1 Ne7 24. Bc5 Qc7 25. Bd6 Qc6 26. Qb4 Re8 27. Rh3 Kg7 28. Rhd3 Nc8 29. Nh3 Be7 30. f4 Qb6
31. Qxb6 Nxb6 32. f5 exf5 33. gxf5 gxf5 34. Nf4 Nd7 35. Bxe7 Nxe5 36. Rg3+ Ng4 37. Bc5 Rhg8 38. Rd5 Kf6 39. Bd4+ Kg5 40. Ng2 Rd8
41. Rb5 b6 42. Rf3 Rd7 43. Rbxf5+ Kg6 44. Nh4+
1-0

[Event "Lords of the Spring :-)"]
[Site "SchemingMind.com"]
[Date "2010.04.02"]
[Round "-"]
[White "Mitchell-in"]
[Black "Schaakmaatje"]
[Result "1-0"]
[WhiteCountry "ENG"]
[BlackCountry "NED"]
[WhiteElo "1820"]
[WhiteRD "63"]
[BlackElo "1762"]
[BlackRD "46"]
[GameID "244116"]

1. e4 e6 2. d4 d5 3. e5 c5 4. c3 Nc6 5. Nf3 Qb6 6. a3 cxd4 7. cxd4 Nge7 8. b4 Nf5 9. Be3 Nxe3 10. fxe3 a5
11. b5 Nd8 12. Bd3 Bd7 13. Nc3 Be7 14. Na4 Qc7 15. O-O b6 16. Rc1 Qb7 17. Qb3 O-O 18. Rc3 Rc8 19. Rfc1 Rxc3 20. Qxc3
1-0

[Event "Lords of the Spring :-)"]
[Site "SchemingMind.com"]
[Date "2010.04.02"]
[Round "-"]
[White "1tamad"]
[Black "Schaakmaatje"]
[Result "1/2-1/2"]
[WhiteCountry "USA"]
[BlackCountry "NED"]
[WhiteElo "1682"]
[WhiteRD "68"]
[BlackElo "1762"]
[BlackRD "46"]
[GameID "244117"]

1. d4 d5 2. e3 Bf5 3. Nf3 e6 4. c4 Nf6 5. Nc3 Bb4 6. a3 Bxc3+ 7. bxc3 c6 8. cxd5 exd5 9. Be2 Ne4 10. Bd2 Nd7
11. O-O O-O 12. Ne1 Bg6 13. f3 Nd6 14. Qb3 Nb6 15. a4 Nbc4 16. Bc1 Re8 17. Nc2 Bxc2 18. Qxc2 Rxe3 19. Bd3 Qh4 20. g3 Qh5
21. Bxe3 Nxe3 22. Qf2 Nxf1 23. Rxf1 Re8 24. Kg2 Qh6 25. Qb2 Re3 26. Qc2 f5 27. Bxf5 Nxf5 28. Qxf5 Re2+ 29. Rf2 Rxf2+ 30. Kxf2 Qxh2+
31. Ke3 Qg1+ 32. Kf4 Qc1+ 33. Kg4 Qxc3 34. Qc8+ Kf7 35. Qd7+ Kf8 36. Qd8+=
1/2-1/2

[Event "Lords of the Spring :-)"]
[Site "SchemingMind.com"]
[Date "2010.04.06"]
[Round "-"]
[White "Clive Everill"]
[Black "Schaakmaatje"]
[Result "1/2-1/2"]
[WhiteCountry "CZE"]
[BlackCountry "NED"]
[WhiteElo "1664"]
[WhiteRD "50"]
[BlackElo "1762"]
[BlackRD "46"]
[GameID "244118"]

1. Nf3 d6 2. g3 e5 3. Bg2 Nc6 4. d3 h6 5. c4 Nf6 6. Nc3 Be7 7. a3 O-O 8. Bd2 Re8 9. Qc1 Nh7 10. Nd5 Bg4
11. Nxe7+ Nxe7 12. Bxh6 gxh6 13. Qxh6 Nf5 14. Qd2 c6 15. h3 Bxf3 16. Bxf3 Qg5 17. Qb4 Rab8 18. h4 Qg7 19. Be4 Ne7 20. Qxd6 Ng6
21. h5 Ngf8 22. h6 Qf6 23. Qb4 Ng6 24. Qd2 Rbd8 25. Qb4 Re7 26. f3 Red7 27. O-O-O Qg5+ 28. f4 exf4 29. gxf4 Qxf4+ 30. Kc2 Qd6
31. Qc3 Qf6 32. Qe1 b5 33. Bxg6 fxg6 34. cxb5 cxb5 35. Qf1 Rc8+ 36. Kb1 Qxf1 37. Rdxf1 Rf7 38. Re1 Rc5 39. Rh4 Rff5 40. d4 Rcd5
41. e4 Rxd4 42. exf5 Rxh4 43. fxg6 Rxh6 44. gxh7+=
1/2-1/2

[Event "Lords of the Spring :-)"]
[Site "SchemingMind.com"]
[Date "2010.04.02"]
[Round "-"]
[White "Andreas Flato"]
[Black "Schaakmaatje"]
[Result "0-1"]
[WhiteCountry "GER"]
[BlackCountry "NED"]
[WhiteElo "1686"]
[WhiteRD "71"]
[BlackElo "1762"]
[BlackRD "46"]
[GameID "244119"]

1. e4 c6 2. d4 d5 3. e5 Bf5 4. Nc3 e6 5. g4 Bg6 6. Nge2 h6 7. h4 Bb4 8. Bd2 Ne7 9. f4 Nd7 10. a3 Bxc3
11. Nxc3 Qb6 12. Bc1 c5 13. Nb5 Nc8 14. c4 Be4 15. Rh3 cxd4 16. Qxd4 Qxd4 17. Nxd4 a6 18. cxd5 Bxd5 19. Re3 Nc5 20. f5 Nb6
21. b4 Nca4 22. fxe6 fxe6 23. Bd3 O-O 24. Be4 Bc4 25. Ne2 Nd5 26. Rg3 Rad8 27. h5 Bxe2 28. Kxe2 Ndc3+ 29. Ke3 Nd1+
0-1